Movie Pictures Starting with W - Statistics

General Stats
  • This quiz has been taken 54 times
  • The average score is 12 of 32
Answer Stats
Picture Answer % Correct
Wonder Woman
100%
The Wizard of Oz
92%
The Wolf of Wall Street
86%
Wicked
84%
White Chicks
73%
Wedding Crashers
69%
Willy Wonka and the Chocolate Factory
65%
Wallace and Gromit
63%
Whiplash
61%
When Harry Met Sally
55%
Waterworld
41%
White Christmas
39%
West Side Story
35%
Weekend at Bernie's
33%
We're the Millers
33%
The Witch
31%
Warm Bodies
29%
We Bought A Zoo
27%
What Women Want
27%
White House Down
22%
The World's End
18%
The Warriors
16%
The Wonderful Story of Henry Sugar
14%
What Happens in Vegas
14%
What a Girl Wants
12%
The Wedding Ringer
10%
Wedding Daze
10%
Wolfs
10%
Whats Your Number
8%
Without a Clue
4%
What Happened to Monday
2%
Whiskey Galore
2%
No matching quizzes found
Score Distribution
Percent of People with Each Score
Percentile by Number Answered
Your Score History
You have not taken this quiz